00321nam a2200133Ia 4500008004100000041000800041082001500049100002500064245003000089250001400119260003200133300001500165365000700180240624s9999 xx 000 0 und d aeng a005.43 SIL aSILBERSCHATZ ABRAHAM aOPERATING SYSTEM CONCEPTS a(6th ed.) c2003aSingaporebJohn Wiley axxi, : 951 cRS